| 000 | 01390nam a22003257a 4500 | ||
|---|---|---|---|
| 999 |
_c16625 _d16625 |
||
| 001 | 16080486 | ||
| 003 | OSt | ||
| 005 | 20180508113516.0 | ||
| 008 | 100202s2009 enka b 001 0 eng d | ||
| 010 | _a 2010286066 | ||
| 015 |
_aGBA915143 _2bnb |
||
| 016 | 7 |
_a014903733 _2Uk |
|
| 020 | _a9780521871242 (hbk.) | ||
| 020 | _a0521871247 (hbk.) | ||
| 035 | _a(OCoLC)ocn268793418 | ||
| 040 | _aSEKU | ||
| 042 |
_aukblcatcopy _alccopycat |
||
| 050 | 0 | 0 |
_aQE 538.5 _b.S3 |
| 082 | 0 | 4 |
_a551.220287 _222 |
| 100 | 1 |
_aSchuster, Gerard Thomas, _d1950- |
|
| 245 | 1 | 0 |
_aSeismic interferometry / _cGerard Schuster. |
| 260 |
_aCambridge : _bCambridge University Press, _cc2009. |
||
| 300 |
_a260 p. : _bill. |
||
| 504 | _aIncludes bibliographical references. | ||
| 505 | 0 | _aIntroduction -- Reciprocity equations of convolution and correlation types -- VSP-->SWP correlation transform -- VSP-->SSP correlation transform -- VSP-->SSP convolution transform -- SSP-->SSP correlation transform -- VSP-->VSP correlation transform -- SSP-->VSP-->SWP transforms -- Traveltime interferometry -- Stochastic interferometry -- Interferometric source estimation -- Body wave earthquake interferometry. | |
| 650 | 0 |
_aSeismic waves _xScattering. |
|
| 650 | 0 | _aInterferometry. | |
| 942 |
_2lcc _cGEN |
||